| 000 | 00819nmc a2200301 a 4500 | ||
|---|---|---|---|
| 003 | AR-X00000XY | ||
| 005 | 20251128211922.0 | ||
| 008 | 097020s2006 ||||||||||||||000 | spa|| | ||
| 020 | _a987-04-0440-5 | ||
| 040 | _cAR-X00000XY | ||
| 100 | 1 | _aRodari, Gianni | |
| 245 | 1 | 0 | _aCuentos escritos a máquina |
| 250 | _a3ª ed. | ||
| 260 |
_aBuenos Aires _bAlfaguara _c2006 |
||
| 300 | 0 |
_a270 p. _bil. |
|
| 490 | 0 |
_aAlfaguara Juvenil. Azul _vv. 4 |
|
| 500 | 0 | _aContiene biografía del autor en la contratapa | |
| 650 | 4 | _aLITERATURA INFANTIL | |
| 650 | 4 | _aLIBROS PARA NINOS | |
| 650 | 4 | _aHUMOR | |
| 650 | 4 | _aIMAGINACION | |
| 653 | 0 | _aCUENTO FANTASTICO | |
| 655 | _aLITERATURA | ||
| 700 | 1 |
_aBenítez, Esther _etraductor |
|
| 700 | 1 |
_aAmo, Fuencisla del _eilustrador |
|
| 942 | _cBK | ||
| 998 | _cna-calidad | ||
| 999 |
_c21620 _d21620 |
||